| 000 | 00637cam a2200205 a 4500 | ||
|---|---|---|---|
| 001 | 218184 | ||
| 003 | OSt | ||
| 005 | 20250612092819.0 | ||
| 008 | 0000002000 0000000000spa00 | ||
| 020 | _a0-8225-9861-2 | ||
| 100 |
_aSavage, Jeff, 1961- _988075 |
||
| 245 |
_aSammy Sosa : héroe de los jonrones _cJeff Savage ; traducción Julia Cisneros Fitzpatrick |
||
| 260 |
_aChicago : _bLerner Publications |
||
| 300 | _a64 p. | ||
| 504 | _aIncluye índice | ||
| 600 | _aSosa Sammy 1968- | ||
| 650 |
_aBéisbol _aJugadores de beisbol _988076 |
||
| 700 |
_aCisneros Fitzpatrick, Julia, tr _988077 |
||
| 040 |
_aDLC _cDLC |
||
| 999 |
_c59245 _d59245 |
||